000 00816nam a2200253Ia 4500
003 OSt
005 20220923223909.0
006 a|||||r|||| 00| 0
007 ta
008 220922b |||||||| |||| 00| 0 hin d
024 _a223,066
037 _cTextual
040 _aARTS
_cARTS
_bhin
041 _2hin
_ahin
082 _aO152:g(Y:1), P4
100 _aशंभुनाथ
_9156280
245 0 _aहिंदी नवजागरण और संस्कृति
246 _aHiandī navajāgaraṇ aur sanskṛuti
260 _aकोलकाता
_b आंनद प्रकाशन
_c2004
300 _a280पृ.
_ccm.
650 _aहिन्दी साहित्य
_9156264
942 _hO152:g(Y:1), P4
_cTEXL
_2CC
999 _c368082
_d368082